000 00844nam a2200229Ia 4500
005 20250108125011.0
008 008 250107s9999 xx 000 0 hin d
020 _a978-81-951687-0-5
037 _aTB
040 _aCRL
_bhin
_cCRL
041 _ahin
_2hin
084 _aO152,3PA,RM R2
084 _qCRL
100 _aसरस्वती, निरंजनानन्द, ले.
245 0 _aधारणा दर्शन
_cसरस्वती, निरंजनानन्द, ले.
260 _aबिहार, भारत
_bयोग पब्लिकेशन्स ट्रस्ट
_c2952
300 _a453पृ0
365 _aINR
_b399
650 _aआध्यात्मिक अनुभव और रहस्यवाद
942 _cTB
_hO152,3PA,RM R2
999 _c1235340
_d1235340